000 00360nam a2200157Ia 4500
008 230711s9999||||xx |||||||||||||| ||und||
041 _aENG
082 _a540
_bDA-G
100 _aKask,Uno
245 0 _aGeneral Chemistry
250 _a1st . Ed.
260 _c1993
_aNew York
_bWilliam C. Brown
650 _aChemistry
700 _aRawn,J David
942 _cBK
999 _c2345
_d2345